01032 2200241 4500001002100000005001500021035002000036007000300056008004100059020002200100082001000122084001600132100001700148245004500165250001100210260004300221300003500264650001000299650001900309700002300328520042200351990001700773INLIS00000000000225620260422105801 a0010-0426000013ta260422 g f ind  a978-602-208-114-2 a82-31 a82-31 HAR s0 aHaryono, Mia1 aSole Mate dan kisah-kisah sepatu lainnya aCet. 1 aYogyakarta :bGradien Mediatama,c2013 a256 hlm :bilus. ;c13 x 19 cm 4aNOVEL 4aKUMPULAN KISAH0 aPrimasari, Grahita aole Mate dan Kisah-Kisah Sepatu Lainnya adalah sebuah buku antologi (kumpulan karya) yang unik. Buku ini menyajikan 20 cerita pendek, 6 puisi, dan 2 artikel yang keseluruhannya dirajut oleh satu benang merah yang memikat: sepatu. Ditulis oleh 20 penulis perempuan dengan latar belakang yang beragam, buku ini mengeksplorasi imajinasi, kenangan, dan ikatan emosional manusia khususnya wanita terhadap alas kaki mereka. a4038/BBPP/26